[Event "Paleochora op 7th"]
[Site "Paleochora"]
[Date "2014.07.21"]
[Round "1"]
[White "David, Alberto"]
[Black "Iatros, Aristidis"]
[Result "1-0"]
[WhiteElo "2553"]
[BlackElo "1701"]
[PlyCount "79"]
[EventDate "2014.07.21"]
[EventType "swiss"]
[EventRounds "9"]
[EventCountry "GRE"]
[SourceTitle "CBM 161 Extra"]
[Source "ChessBase"]
[SourceDate "2014.08.29"]
[SourceVersion "1"]
[SourceVersionDate "2014.08.29"]
[SourceQuality "1"]

1. e4 c5 2. Nf3 e6 3. g3 Nc6 4. Bg2 Nf6 5. d3 Be7 6. 0-0 0-0 7. Re1 d5 8. e5 Nd7 9. h4 Re8 10. Nbd2 Qc7 11. Qe2 b5 12. Nf1 a5 13. Bf4 Bb7 14. N1h2 Nd4 15. Nxd4 cxd4 16. Rac1 Nb6 17. Nf3 Bc5 18. c3 dxc3 19. Rxc3 Qe7 20. Rec1 Rac8 21. d4 Na4 22. R3c2 Ba7 23. Rxc8 Rxc8 24. Qxb5 Rxc1+ 25. Bxc1 Nb6 26. Qxa5 Bc6 27. b3 Nc8 28. Ba3 Qd7 29. Bc5 h6 30. Bf1 Bxc5 31. Qxc5 Na7 32. a4 Qb7 33. Be2 Be8 34. Nd2 Qb8 35. Bd3 g6 36. Kf1 Kg7 37. Ke1 h5 38. Kd1 Nc8 39. Kc2 f6 40. Ba6 1-0